La Participación de las mujeres en una industria de instrumentos médicos de inversión extranjera directa en Costa Rica . Estudio de caso: BAXTER Productos Médicos Ltda. /

El presente documento es el informe final de la consultoría La participación de las mujeres en una instrumento médicos que sea Inversión Extranjera Directa (estudio de caso). El informe se divide en siete secciones. Incluye un detalle de los objetivos, las características del estudio, la población,...

Ausführliche Beschreibung

Gespeichert in:
Bibliographische Detailangaben
1. Verfasser: Ansorena Montero, Aixa
Weitere Verfasser: Gaete Astica, Marcelo
Format: Text
Veröffentlicht: San José: PNUD. INAMU
Schlagworte:
Tags: Tag hinzufügen
Keine Tags, Fügen Sie den ersten Tag hinzu!

MARC

LEADER 00000 a a2200000 04500
001 33472
003
040
020 |a 9968-794-30-9  
090 |a 1002 A622p  
100 |a Ansorena Montero, Aixa  
245 |a La Participación de las mujeres en una industria de instrumentos médicos de inversión extranjera directa en Costa Rica . Estudio de caso: BAXTER Productos Médicos Ltda. /  |c Aixa Ansorena Montero 
260 |a San José:   |b PNUD. INAMU  
300 |a 74 p.  
520 |a El presente documento es el informe final de la consultoría La participación de las mujeres en una instrumento médicos que sea Inversión Extranjera Directa (estudio de caso). El informe se divide en siete secciones. Incluye un detalle de los objetivos, las características del estudio, la población, las técnicas utilizadas entre otros aspectos. Se enfoca a la empresa BAXTER como un caso temprano de inversión extranjera directa en el sector manufacturero costarricense de alta tecnología. Se exploran las valoraciones acerca de los aspectos positivos y negativos del ambiente laboral y el conocimiento de las trabajadoras en torno a los derechos de las mujeres  
650 |a MUJERES  
650 |a TRABAJADORAS  
650 |a TECNOLOGIA AVANZADA  
650 |a CONDICIONES DE TRABAJO  
650 |a ESTUDIOS DE CASOS  
650 |a COSTA RICA  
700 |a Gaete Astica, Marcelo  
999 |c 8858  |d 8858